A competitive edge for council services (Record no. 70992)

MARC details
000 -LEADER
fixed length control field 01267cam a2200229 4500
001 - CONTROL NUMBER
control field ABS65874
008 - FIXED-LENGTH DATA ELEMENTS--GENERAL INFORMATION
fixed length control field 020822n2002 000 0 eng u
035 ## - SYSTEM CONTROL NUMBER
System control number (Sirsi) u119413
100 ## - MAIN ENTRY--PERSONAL NAME
Personal name Johnston, B
245 #2 - TITLE STATEMENT
Title A competitive edge for council services
260 ## - PUBLICATION, DISTRIBUTION, ETC.
Date of publication, distribution, etc. 2002
490 ## - SERIES STATEMENT
Series statement Planning (for the Natural and Built Environment)
Volume/sequential designation 26 July 2002, 14-15(2)
520 ## - SUMMARY, ETC.
Summary, etc. Reports on one of the challenges to local councils from the Best Value regime, introducing competition into service provision. Argues that planning departments need to find ways to involve the private sector in competitive procurement. Discusses the lack of private involvement among local authorities, looking at the experiences of some councils in this area. "Competitive procurement: learning from audit, inspection and research" is available from Audit Commission Publications on 0800 802030. "Planning Officers Society guide to Best Value and planning" can be viewed at www.planningofficers.org.uk/planningguide/.
590 ## - LOCAL NOTE (RLIN)
Local note ABS
650 ## - SUBJECT ADDED ENTRY--TOPICAL TERM
Topical term or geographic name entry element PLANNING DEPARTMENTS
650 ## - SUBJECT ADDED ENTRY--TOPICAL TERM
Topical term or geographic name entry element LOCAL AUTHORITIES
650 ## - SUBJECT ADDED ENTRY--TOPICAL TERM
Topical term or geographic name entry element PRIVATE SECTOR
650 ## - SUBJECT ADDED ENTRY--TOPICAL TERM
Topical term or geographic name entry element SERVICE DELIVERY
650 ## - SUBJECT ADDED ENTRY--TOPICAL TERM
Topical term or geographic name entry element COMPETITION
690 ## - LOCAL SUBJECT ADDED ENTRY--TOPICAL TERM (OCLC, RLIN)
Topical term or geographic name as entry element ENVIRONMENTAL AND LAND CONSULTANCY-PLANNING AND DEVELOPMENT
942 ## - ADDED ENTRY ELEMENTS (KOHA)
Suppress in OPAC 0
Holdings
Withdrawn status Lost status Source of classification or shelving scheme Damaged status Not for loan Home library Current library Shelving location Date acquired Total Checkouts Full call number Barcode Date last seen Copy number Price effective from Koha item type
    Dewey Decimal Classification     London London Journal article 22/08/2002   ABS65874 119413-1001 06/08/2019 1 06/08/2019 Journal article